"La città di Dio. Testo Latino - Italiano." (Record n. 411)

Dettagli MARC
000 -LEADER
fixed length control field 00610nam a2200241Ia 4500
003 - CONTROL NUMBER IDENTIFIER
control field IT-RoPAU
008 - FIXED-LENGTH DATA ELEMENTS--GENERAL INFORMATION
fixed length control field 120407s9999 xx 000 0 und d
040 ## - CATALOGING SOURCE
Original cataloging agency IT-RoPAU
040 ## - CATALOGING SOURCE
Transcribing agency IT-RoPAU
041 ## - LANGUAGE CODE
Language code of text/sound track or separate title ita
100 ## - MAIN ENTRY--PERSONAL NAME
Personal name Augustinus
100 ## - MAIN ENTRY--PERSONAL NAME
Titles and words associated with a name sanctus
245 ## - TITLE STATEMENT
Title "La città di Dio. Testo Latino - Italiano."
250 ## - EDITION STATEMENT
Edition statement Torino
260 ## - PUBLICATION, DISTRIBUTION, ETC. (IMPRINT)
Place of publication, distribution, etc. Sei
260 ## - PUBLICATION, DISTRIBUTION, ETC. (IMPRINT)
Date of publication, distribution, etc. 1939
300 ## - PHYSICAL DESCRIPTION
Dimensions 21 cm
490 ## - SERIES STATEMENT
Series statement Corona Patrum Salesiana, 7-8
490 ## - SERIES STATEMENT
Volume/sequential designation 2
600 ## - SUBJECT ADDED ENTRY--PERSONAL NAME
Personal name " I° vol. Parte I Libri I-II. LXIV, 324 p. 2° vol. Parte II Libri III-V. 484 p."
942 ## - ADDED ENTRY ELEMENTS (KOHA)
Koha item type LIBRO
Dati di copia
Withdrawn status Lost status Source of classification or shelving scheme Damaged status Not for loan Home library Current library Date acquired Total Checkouts Full call number Date last seen Price effective from Koha item type Public note
    Dewey Decimal Classification Buone Condizioni Not For Loan PAULUS-BIBLIOTECA PAULUS-BIBLIOTECA 11/04/2012   276.8.57 11/04/2012 11/04/2012 LIBRO Inserito da: Anna In data: n.d. fondo: Via A.Severo 56 Progr:18724
CREDITS: SOCIETA' SAN PAOLO Via A.Severo, 58 - ROMA (RM) & PERIODICI SAN PAOLO SRL Via Giotto, 36 MILANO & CISF Via Giotto, 36 MILANO & EDIZIONI SAN PAOLO SRL,  Piazza Soncino, 5 CINISELLO BALSAMO (MI) -- ITALY